Score 0/14 Timer 01:30
0 Plays Today
Clue 4-Letter Word % Correct
A ten cent coinDIME
94.3%
A small green citrus fruitLIME
91.2%
Have an evening mealDINE
90.2%
Barry Bonds hit 450 of these in his career with [Rung 1] and [Rung 14] HOME
88.3%
Barry Bonds hit 450 of these in his career with [Rung 1] and [Rung 6] RUNS
85.4%
A part in a playROLE
84.7%
Career leader Pete with 4256 hitsROSE
83.5%
Clue 4-Letter Word % Correct
Another term for nylonsHOSE
79.8%
The capital city of TogoLOMÉ
74.8%
A flatfish, like the Dover varietySOLE
61.9%
An ancient mystical characterRUNE
54.3%
Barry Bonds hit 450 of these in his career with [Rung 6] and [Rung 14] SOLO
48%
Sandberg with record .989 career fielding percentage at 2nd baseRYNE
47.6%
A small unit of forceDYNE
44.8%

Today's Daily Dose

Remove Ads.
Support Sporcle.
Get the best of Sporcle when you Go Orange. This ad-free experience offers more features, more stats, and more fun while also helping to support Sporcle. Thank you for becoming a member.

You're not logged in!

Compare scores with friends on all Sporcle quizzes.
OR
Log In

Show Comments

Extras

Top Quizzes Today


Score Distribution

Your Account Isn't Verified!

In order to create a playlist on Sporcle, you need to verify the email address you used during registration. Go to your Sporcle Settings to finish the process.

Report this User

Report this user for behavior that violates our Community Guidelines.

Details: